Veterinary Medicine: a textbook of the diseases of cattle, sheep, pigs, goats and horses (Record no. 6189)

MARC details
000 -LEADER
fixed length control field 00631nam a22002177a 4500
003 - CONTROL NUMBER IDENTIFIER
control field OSt
005 - DATE AND TIME OF LATEST TRANSACTION
control field 20181203151938.0
008 - FIXED-LENGTH DATA ELEMENTS--GENERAL INFORMATION
fixed length control field 181203b xxu||||| |||| 00| 0 eng d
020 ## - INTERNATIONAL STANDARD BOOK NUMBER
International Standard Book Number 9780702026041
020 ## - INTERNATIONAL STANDARD BOOK NUMBER
International Standard Book Number 0702027502
040 ## - CATALOGING SOURCE
Transcribing agency DNLM
082 ## - DEWEY DECIMAL CLASSIFICATION NUMBER
Classification number WB600 V64o 2000
100 ## - MAIN ENTRY--PERSONAL NAME
Personal name Otto M. Radostits [et...al]
9 (RLIN) 12761
245 ## - TITLE STATEMENT
Title Veterinary Medicine: a textbook of the diseases of cattle, sheep, pigs, goats and horses
250 ## - EDITION STATEMENT
Edition statement 9th ed.
260 ## - PUBLICATION, DISTRIBUTION, ETC. (IMPRINT)
Place of publication, distribution, etc. UK; WB Saunders, 2000
300 ## - PHYSICAL DESCRIPTION
Extent xxvii,1877p; ill: 27cm
504 ## - BIBLIOGRAPHY, ETC. NOTE
Bibliography, etc Appendices, & index included
650 ## - SUBJECT ADDED ENTRY--TOPICAL TERM
Topical term or geographic name as entry element Veterinary medicine
9 (RLIN) 12762
942 ## - ADDED ENTRY ELEMENTS (KOHA)
Source of classification or shelving scheme Other/Generic Classification Scheme
Koha item type Short Loan
Holdings
Withdrawn status Lost status Source of classification or shelving scheme Damaged status Not for loan Home library Current library Date acquired Source of acquisition Inventory number Total Checkouts Full call number Barcode Date last seen Koha item type
    Other/Generic Classification Scheme     Pharmacy Department Library Pharmacy Department Library 03/12/2018   11/0084   WB600 V64o 2000 2018-0426 03/12/2018 Short Loan
    Other/Generic Classification Scheme     Pharmacy Department Library Pharmacy Department Library 03/12/2018   11/0085   WB600 V64o 2000 2018-0427 03/12/2018 Short Loan